The Unsung Foot Soldiers/ (Record no. 216635)

MARC details
000 -LEADER
fixed length control field 00542nam a22001937a 4500
005 - DATE AND TIME OF LATEST TRANSACTION
control field 20260612164853.0
010 ## - LCCN (DPL NO)
LC control number ENG-148831
020 ## - INTERNATIONAL STANDARD BOOK NUMBER
International Standard Book Number 9788119355778
Terms of availability 495.00
035 ## - SYSTEM CONTROL NUMBER
System control number EN-132363
037 ## - SOURCE OF ACQUISITION
Source of stock number/acquisition DBAD
082 ## - DEWEY DECIMAL CLASSIFICATION NUMBER
Classification number 371
100 ## - MAIN ENTRY--PERSONAL NAME
Personal name Manjunath, S V
245 ## - TITLE STATEMENT
Title The Unsung Foot Soldiers/
Statement of responsibility, etc S V Manjunath
250 ## - EDITION STATEMENT
Edition statement 1
260 ## - PUBLICATION, DISTRIBUTION, ETC. (IMPRINT)
Place of publication, distribution, etc Bengaluru
Name of publisher, distributor, etc Prism Books
Date of publication, distribution, etc 2025
270 ## - ADDRESS
Address 1865, 32nd Cross, 10th Main BSK II Stage
City Bangaluru
Postal code 560070
300 ## - PHYSICAL DESCRIPTION
Extent 304p.
Dimensions 21cm(pb)
942 ## - ADDED ENTRY ELEMENTS (KOHA)
Source of classification or shelving scheme Dewey Decimal Classification
Item type English Books
Call number suffix MAN
Classification part 371
Holdings
Withdrawn status Lost status Not for loan Collection code Home library Current library Date acquired Source of acquisition Cost, normal purchase price Full call number Barcode Copy number Cost, replacement price Koha item type
    Not For Loan Non-fiction D.B.Act.Division D.B.Act.Division 12/06/2026 Delivery of Books Act Division 495.00 MAN 371 EN-132363 1 495.00 English Books

© Delhi Public Library
Hit Counter
free hit counter